Quizzes
Events
Quiz Creation
Community
Videos
Private Events
Remove Ads
Sign In
Join for FREE
Feedback
Dark Mode
Quiz Categories
Sports
Geography
Music
Movies
Television
Just For Fun
Miscellaneous
History
Literature
Language
Science
Gaming
Entertainment
Religion
Holiday
For Kids
Quiz Lab
Recent
Popular Today
Quiz Kudos Today
Editor Picks
Curator Picks
Quizzes by...
Day
Popularity
Type
Ratings
Length
Year
Community
Subscriptions
Recent Discussions
Orange Saloon
Badges
Playlists
Quests
Create
Leaderboards
Showdown
Live 5
Trivia Bingo
Activity
Puzzle Library
Sporcle Events
Private Events
Virtual Trivia
Globe League
Become a Host
Pub Owners
SporcleCon
Opinionation
Our Games
Videos
Blog
Mobile Apps
Partnerships
Remove Ads and Go Orange
Feedback
Literature
Harry Potter
A Song of Ice and Fire
The Hunger Games
Literary Character
Shakespeare
Book
Author
Novel
Poem
Young Adult
Children's Books
Play
Lord of the Rings
Literature
Harry Potter
A Song of Ice and Fire
The Hunger Games
Literary Character
Shakespeare
Book
Author
Novel
Poem
Young Adult
Children's Books
Play
Lord of the Rings
Random Quiz
Search Sporcle
×
Quiz Lab
Quiz Lab
Literature
Author
Type in answers that appear in a list
Type in answers that appear in a list
Classic
Best Score? Go Orange.
Name the poets Stats
Can you name the poets from the first line(s) of one of their poems?
By
sib
7m
25 Questions
225 Plays
225 Plays
225 Plays
Comments
Comments
Give Quiz Kudos
Give Quiz Kudos
-
- Ratings
hide this ad
Random Order
Randomize order of answers
Randomize order of answers
Replay
Link that replays current quiz
Next Quiz
Link to next quiz in quiz playlist
You Got
0%
They Got
Avg Score
48%
Avg Friend Score
Upgrade to see
Score Distribution
Jump to the score distribution portion of the page
Score
0/25
Timer
07:00
0
Plays Today
First line(s)
Poet
% Correct
Shall I compare thee to a summer's day? Thou art more lovely and more temperate.
William Shakespeare
92%
Two roads diverged in a yellow wood
Robert Frost
85.3%
Tyger! Tyger! burning bright. In the forests of the night.
William Blake
78.2%
Because I could not stop for Death -
He kindly stopped for me –
Emily Dickinson
73.8%
In Xanadu did Kubla Khan a stately pleasure-
dome decree
Samuel Taylor Coleridge
72.4%
I wandered lonely as a cloud, that floats on high o'er vales and hills
William Wordsworth
72%
Do not go gentle into that good night, Old age should burn and rave at close of day; Rage, rage against the dying of the light.
Dylan Thomas
71.6%
Twas brillig, and the slithy toves did gyre and gimble in the wabe
Lewis Carroll
68%
I celebrate myself, and sing myself, And what I assume you shall assume
Walt Whitman
68%
How do I love thee? Let me count the ways.
Elizabeth Barrett Browning
67.6%
I met a traveller from an antique land, who said: 'Two vast and trunkless legs of stone stand in the desert . . . '
Percy Busshe Shelley
63.6%
She walks in beauty, like the night , like the night, of cloudless climes and starry skies
Lord Byron
58.7%
It was many and many a year ago, in a kingdom by the sea...
Edgar Allan Poe
56.9%
First line(s)
Poet
% Correct
On either side the river lie, long fields of barley and of rye, that clothe the wold and meet the sky
Alfred Lord Tennyson
47.6%
You do not do, you do not do any more, black shoe in which I have lived like a foot
Sylvia Plath
42.2%
I have eaten the plums that were in the icebox
William Carlos Williams
36.4%
When I consider how my light is spent, Ere half my days, in this dark world and wide
John Milton
30.2%
I've known rivers: I've known rivers ancient as the world and older than the flow of human blood in human veins.
Langston Hughes
30.2%
'I cannot go to school today,' said little Peggy Ann McKay.
Shel Silverstein
26.7%
The sea is calm to-
night. The tide is full, the moon lies fair upon the straits
Matthew Arnold
25.8%
In Flanders fields the poppies blow, between the crosses, row on row
John McCrae
21.3%
God of our fathers, known of old, Lord of our far-
flung battle-
line
Rudyard Kipling
18.2%
Oh! young Lochinvar is come out of the West
Walter Scott
15.6%
''Will you walk into my parlour?' said the Spider to the Fly.
Mary Howitt
2.2%
Do not stand at my grave and weep; I am not there, I do not sleep.
Steven Cummins
0.4%
Quiz Playlist
Details
Report
Send in Message
Add To Playlist
Classic:
Type in answers that appear in a list
Random Order:
Randomize order of answers
Last Updated: Feb 16, 2017
Quiz Scoreboard
CHALLENGE
Sign Up to Join the Scoreboard
Show All
Scores
Hide
Comments
May contain spoilers
Recently Published
An Introduction to Baseball
by treessimontrees
Sports
5m
Movies - When Are They Set?
by FPL_Elf
Movies
5m
Popular People in 1961
by mucciniale
History
6m
More to Explore
Quiz From the Vault
Featured Blog Post
Where Did the Easter Bunny Come From?
hide this ad
You Might Also Like...
Tags
Author Quiz
Novel Quiz
Poem Quiz
Today's Top Quizzes in Literature
Browse Literature
hide this ad
Today's Top Quizzes in Author
Browse Author
Top Contributed Quizzes in Literature
1
Sneaky Slytherin Logic Puzzle
2
One Thing in Common: Literature
3
Get The Picture: Black or White Literature
4
One Thing in Common: Literature 3
5
Harry Potter Neighbourly Logic Puzzle #3
6
One Thing in Common: Literature II
7
One Thing in Common: Books
8
Harry Potter Neighbourly Logic Puzzle #5
9
Weasley Family Reunion: Logic Puzzle
10
7 to 1: Literature by Subcategory
Explore More
Trending Topics
Anime
NBA
Kpop
Marvel
Crossword
Harry Potter
Disney
The Office
NFL
Pokémon
Song
WWE
Soccer
Country
Puzzle
hide this ad
More By:
sib
Quiz
Plays
Rating
Category
Featured
Created
Exonymous Cities (City names in English)
848
3.74
Geography
Oct 6, 2010
classical poems by quotations
489
4.00
Literature
Oct 12, 2010
famous poem
347
4.22
Literature
Oct 18, 2010
German Heads of State
266
3.40
History
Oct 7, 2010
name the poets
225
5.00
Literature
Oct 12, 2010
Go to Creator's Profile
Score Distribution
Quiz Creator Spotlight
sib
Follow
Send a Message
Quizzes Created
-
Created Quiz Play Count
-
More By This Creator
Popular Quizzes Today
1
Find the Countries of Europe - No Outlines Minefield
2
Find the US States - No Outlines Minefield
3
The Countries of the World
4
Popular People in 1961
5
US States
6
Find the US States
7
1-10 Letter E Words III
8
Risky Map Clicking: Biggest States A-Z
More Literature Quizzes
5 in 15: Lord of the Rings Characters
Published
Trending Quizzes
Risky Map Clicking: Least Populous States A-Z
1-10 Letter F Words
1-10 Letter G Words
One Thing in Common: United Kingdom
Not Quite an Element Typing Challenge
Recently Updated
Leaping Animals
pecheneg
Reality TV Shows (A-Z)
bhenderson79
Rickey Henderson's Hall of Fame Teammates
pecheneg
Champions League XIs: Arsenal
pecheneg
Quick Pick: Celebrities in WWE's Hall of Fame
aduchscher
A-Z Keypad Blitz II
pecheneg
Multiple Oscar Actors
pecheneg
Mystery Phrase Blitz: Oscar 'Best Actors'
pecheneg
F. Scott Fitzgerald Novels
LTH
Pick 3 Villains
ddd62291
Trending Topics
Marvel
Anime
Harry Potter
Kpop
Disney
Crossword
NBA
The Office
Pokémon
Puzzle
WWE
Country
Song
Soccer
NFL
Your Account Isn't Verified!
In order to create a playlist on Sporcle, you need to verify the email address you used during registration. Go to your
Sporcle Settings
to finish the process.
Report this User
Report this user for behavior that violates our
Community Guidelines
.
Details:
Send Report
Go to the Sporcle.com Mobile Site →
Comments